Vysoké Tatry pohľad do Malej Studenej doliny a na masív Lomnického štítu (2632 m)

Bibliographic Details
Format: Photo
Language:Slovak
PhysicalDescription:1 pohľadnica čiernobiela 11 x 15 cm
Published: [Bratislava] VPL [s.a.]
Subjects:

MARC

LEADER 00000nkm a2200000 a 4500
001 vtls010689556
003 SK-MaSNL
005 20260301135252.0
007 kf bo
008 231206n xo |g||||| |00 kuslo
015 |a SNBG 
035 |a urn:nbn:sk:snk-km003rkq 
035 |a 65E65FB6-A985-4F1D-8C9F-4EF6D76BC05E 
035 |a urn:nbn:sk:snk-kmtffz 
040 |a SNK  |b slo  |c SNK  |e AACR2 
041 0 |a slo 
043 |a e-xo--- 
044 |a xo  |c SK 
080 |a 913(437.6)  |2 2001 
080 |a (084.121)  |2 2001 
245 0 0 |a Vysoké Tatry  |h grafika  |b pohľad do Malej Studenej doliny a na masív Lomnického štítu (2632 m) 
246 3 1 |a Vysokije Tatry  |b vid na Maluju Studenuju dolinu i na massiv Lomnickogo pika (2632 m) 
246 3 1 |a Hohe Tatra  |b Blick in das Kleine Kohlbachtal und auf das Massiv der Lomnitzer Spitze (2632 m) 
246 3 1 |a High Tatras  |b view into the valley Malá Studená dolina and to the massif of Lomnický štít (2632 m) 
260 |a [Bratislava]  |b VPL  |c [s.a.] 
300 |a 1 pohľadnica  |b čiernobiela  |c 11 x 15 cm 
546 |a Súbežný názov rusky, nemecky, anglicky 
651 7 |a Vysoké Tatry (Poľsko a Slovensko : pohorie)  |2 SNKPHgeo  |9 67729 
651 7 |a Malá Studená dolina (Slovensko)  |2 SNKPH  |9 160423 
651 7 |a Lomnický štít (Vysoké Tatry, Slovensko)  |2 SNKPH  |9 19911 
655 7 |a miestne pohľadnice  |2 SNKPH  |9 70510 
852 |a Slovenská národná knižnica 
958 |a GC 
958 |a GBN 
958 |a OND 
999 |c 759613  |d 761543 
952 |a SNK  |b SNK  |y PREZ  |7 0  |p 17A0639374  |o snkSP 1625/a  |0 0  |1 0  |4 0  |d 2015-06-30  |f 1  |l 0  |r 2026-02-24 00:00:44  |w 2026-02-24